Loading...
| Current Events | 4 | 17.50 | 100% | 75% | 0% |
| Fine Arts - Classical Music | 5 | 18.00 | 80% | 80% | 20% |
| Fine Arts - Other Fine Arts | 4 | 15.00 | 100% | 50% | 0% |
| Geography | 2 | 20.00 | 100% | 50% | 50% |
| History - American History | 6 | 20.00 | 100% | 83% | 17% |
| History - European History | 8 | 22.50 | 100% | 88% | 38% |
| History - Other History | 5 | 24.00 | 100% | 80% | 60% |
| History - World History | 8 | 22.50 | 100% | 75% | 50% |
| Literature - American Literature | 6 | 26.67 | 100% | 100% | 67% |
| Literature - British Literature | 9 | 22.22 | 100% | 89% | 33% |
| Literature - European Literature | 6 | 25.00 | 100% | 100% | 50% |
| Literature - World Literature | 9 | 17.78 | 100% | 67% | 11% |
| Mythology | 10 | 25.00 | 100% | 90% | 60% |
| Painting/Sculpture | 4 | 15.00 | 100% | 50% | 0% |
| Philosophy | 8 | 21.25 | 100% | 75% | 38% |
| Pop Culture | 3 | 10.00 | 67% | 33% | 0% |
| Religion | 9 | 17.78 | 78% | 78% | 22% |
| Science - Biology | 9 | 16.67 | 100% | 44% | 22% |
| Science - Chemistry | 8 | 18.75 | 100% | 88% | 0% |
| Science - Other Science | 10 | 18.00 | 100% | 60% | 20% |
| Science - Physics | 7 | 18.57 | 100% | 71% | 14% |
| Social Science | 5 | 14.00 | 100% | 40% | 0% |